00534nam a2200169Ia 4500100003000000250000600030942000700036654001300043245003000056260003900086082001500125300000900140546001200149999001700161952009300178952009300271 aMurray/W.H/ Pappas/Chris  a2 cBK aComputer aThe Visual C++ Handbook bTata Mc Graw hillaNew Delhic1997 a5.133bMUR a1096 aENGLISH c29967d29967 001040708CRCaCRCEbCRCEd2023-03-17l0o5.133 MURp10019r2023-03-17w2023-03-17yBK 001040708CRCaCRCEbCRCEd2023-03-17l0o5.133 MURp10020r2023-03-17w2023-03-17yBK